000 00684nam a22002057a 4500
003 NUST
005 20240222155035.0
008 190710b ||||| |||| 00| 0 eng d
038 _aMr. Zahoor
082 _a670.5
100 _aGillani, Afnan Ahmad
_917350
245 _aDesign and Testing of solor Charging Stations for Electric Vehicles /
_c Afnan Ahmad Gillani
260 _aIslambad :
_bSMME - NUST,
_c2013.
300 _a48 p. : ill. ;
500 _aHard cover.
650 _aDesign and Manufacturing Engineering - MS Thesis
_916133
700 _aDr. Syed Hussain Imran Jaffery
_917351
856 _uhttp://10.250.8.41:8080/xmlui/handle/123456789/12431
942 _2ddc
_cTHE
999 _c526358
_d526358